History - World | 1 | 4 | 0 | 0 | 55 | 21 | 79.20 | 0 | 1 |
History - European | 1 | 2 | 0 | 0 | 35 | 40 | 77.00 | 0 | 1 |
History - American | 0 | 3 | 0 | 0 | 30 | 71 | 92.33 | 1 | 1 |
History - Cross, Historiography, and Miscellaneous | 1 | 1 | 0 | 0 | 25 | 62 | 73.00 | 0 | 1 |
Current Events - World | 1 | 1 | 0 | 0 | 25 | 54 | 63.00 | 0 | 1 |
Science - Biology | 1 | 0 | 0 | 0 | 15 | 91 | 91.00 | 0 | 0 |
RMP - Greco-Roman Mythology | 1 | 0 | 0 | 0 | 15 | 49 | 49.00 | 0 | 0 |
Science - Astronomy | 1 | 0 | 0 | 0 | 15 | 50 | 50.00 | 1 | 1 |
Other - Other Academic and General Knowledge | 0 | 1 | 0 | 0 | 10 | 85 | 85.00 | 0 | 0 |
Social Science - Psychology | 0 | 1 | 0 | 0 | 10 | 48 | 48.00 | 0 | 1 |
Fine Arts - Architecture | 0 | 1 | 0 | 0 | 10 | 80 | 80.00 | 0 | 0 |
Fine Arts - Music | 0 | 1 | 0 | 0 | 10 | 65 | 65.00 | 0 | 0 |
Fine Arts - Painting | 0 | 1 | 0 | 0 | 10 | 92 | 92.00 | 0 | 0 |
Fine Arts - Sculpture | 0 | 1 | 0 | 0 | 10 | 84 | 84.00 | 0 | 0 |
Geography - Europe | 0 | 1 | 0 | 0 | 10 | 129 | 129.00 | 0 | 0 |
Geography - World | 0 | 1 | 0 | 0 | 10 | 120 | 120.00 | 0 | 0 |
Literature - American | 0 | 1 | 0 | 0 | 10 | 102 | 102.00 | 0 | 0 |
Social Science - Other | 0 | 1 | 0 | 0 | 10 | 90 | 90.00 | 0 | 0 |
Current Events - U.S. | 0 | 1 | 0 | 0 | 10 | 73 | 73.00 | 0 | 0 |
Science - Computer Science | 0 | 1 | 0 | 0 | 10 | 114 | 114.00 | 0 | 0 |
Science - Physics | 0 | 1 | 0 | 0 | 10 | 66 | 66.00 | 0 | 0 |
RMP - Philosophy | 0 | 0 | 0 | 0 | 0 | | 0.00 | 0 | 0 |
RMP - Christian Practice | 0 | 0 | 0 | 0 | 0 | | 0.00 | 0 | 0 |